UK Real Estate Investment Trusts (UK-REITs) (Record no. 104916)
[ view plain ]
| 000 -LEADER | |
|---|---|
| fixed length control field | 01446cam a2200193 4500 |
| 001 - CONTROL NUMBER | |
| control field | ##L131946 |
| 008 - FIXED-LENGTH DATA ELEMENTS--GENERAL INFORMATION | |
| fixed length control field | 051219n2005 000 0 eng u |
| 035 ## - SYSTEM CONTROL NUMBER | |
| System control number | (Sirsi) u131946 |
| 041 0# - LANGUAGE CODE | |
| Language code of text/sound track or separate title | eng |
| 050 04 - LIBRARY OF CONGRESS CALL NUMBER | |
| Classification number | 332.6324 $2 18 |
| 110 1# - MAIN ENTRY--CORPORATE NAME | |
| Corporate name or jurisdiction name as entry element | United Kingdom |
| Subordinate unit | HM Revenue and Customs |
| 9 (RLIN) | 4833 |
| 245 00 - TITLE STATEMENT | |
| Title | UK Real Estate Investment Trusts (UK-REITs) |
| 260 ## - PUBLICATION, DISTRIBUTION, ETC. | |
| Place of publication, distribution, etc. | London |
| Name of publisher, distributor, etc. | HMRC |
| Date of publication, distribution, etc. | 2005 |
| 520 ## - SUMMARY, ETC. | |
| Summary, etc. | Draft legislation to enable the creation of UK-REITs. This will provide the basis for liquid and publicly available property investment vehicles accessible to a wide range of investors, contributing to the wider government objectives for raising productivity in the commercial property sector. UK REITs will also encourage increased institutional and professional investment to support the private rented sector. The documentation contains a summary of the key structural features of a UK-REIT, draft legislation with explanatory notes, an updated regulatory impact assessment and concludes with a summary of responses to "UK Real Estate Investment Trusts: a discussion paper" (L129093), the Budget 2005 consultation. Comments on the proposed legislation are required by the 27 January 2006. |
| 590 ## - LOCAL NOTE (RLIN) | |
| Local note | IKA030106 |
| 690 ## - LOCAL SUBJECT ADDED ENTRY--TOPICAL TERM (OCLC, RLIN) | |
| Topical term or geographic name as entry element | PROPERTY-COMMERCIAL PROPERTY-COMMERCIAL PROPERTY FINANCE AND INVESTMENT |
| 856 40 - ELECTRONIC LOCATION AND ACCESS | |
| Uniform Resource Identifier | <a href="https://www.hmrc.gov.uk/drafts/estate-investment.htm ">https://www.hmrc.gov.uk/drafts/estate-investment.htm </a> |
| Public note | View the draft legislation free of charge at www.hmrc.gov.uk... |
| 942 ## - ADDED ENTRY ELEMENTS (KOHA) | |
| Suppress in OPAC | 0 |
| Withdrawn status | Lost status | Source of classification or shelving scheme | Damaged status | Not for loan | Home library | Current library | Shelving location | Date acquired | Total Checkouts | Full call number | Barcode | Date last seen | Copy number | Price effective from | Koha item type |
|---|---|---|---|---|---|---|---|---|---|---|---|---|---|---|---|
| Dewey Decimal Classification | Virtual | Virtual | Online | 19/12/2005 | ONLINE PUBLICATION | 131946-2001 | 06/08/2019 | 1 | 06/08/2019 | Book |